000 00581nam a22001937a 4500
003 OSt
005 20180417170808.0
008 180417e201710 spc|||| |||| 0|0 f cat|d
017 _aDL B 14537-2017
_bBiblioteca de Catalunya
020 _a9788416430734
040 _aES-BaBC
_bcat
_cCDMR
100 1 _aCabezas, Bea,
_d1976-
_eautor
245 1 3 _aLa Nit abans
_c/ Bea Cabezas
260 _aBarcelona :
_bRosa dels Vents,
_c2017
300 _a262 pàgines, 6 pàgines no numerades ;
_c23 cm
610 2 4 _92617
_aDiari de Barcelona
650 0 4 _9797
_aReportatges literaris
942 _cMON
999 _c7128
_d7128